Title plans and boundaries (Record no. 112221)

MARC details
000 -LEADER
fixed length control field 00932cad a22002295a 4500
001 - CONTROL NUMBER
control field L152822
008 - FIXED-LENGTH DATA ELEMENTS--GENERAL INFORMATION
fixed length control field 110504s2009 xxk f 000 0 eng d
035 ## - SYSTEM CONTROL NUMBER
System control number (Sirsi) u152822
041 0# - LANGUAGE CODE
Language code of text/sound track or separate title eng
050 04 - LIBRARY OF CONGRESS CALL NUMBER
Classification number 346.41043 $2 18
110 2# - MAIN ENTRY--CORPORATE NAME
Corporate name or jurisdiction name as entry element Land Registry
9 (RLIN) 5885
245 00 - TITLE STATEMENT
Title Title plans and boundaries
Medium [electronic resource]
260 ## - PUBLICATION, DISTRIBUTION, ETC.
Place of publication, distribution, etc. London
Name of publisher, distributor, etc. Land Registry
Date of publication, distribution, etc. 2009
490 #0 - SERIES STATEMENT
Series statement Land Registry Public Guides
Volume/sequential designation 19
520 ## - SUMMARY, ETC.
Summary, etc. Outlined the purpose of title plans based on Ordnance Survey maps held by the Land Registry and their role in solving boundary disputes.
590 ## - LOCAL NOTE (RLIN)
Local note KA
650 24 - SUBJECT ADDED ENTRY--TOPICAL TERM
Topical term or geographic name entry element LAND REGISTRATION ACT 2002
651 #4 - SUBJECT ADDED ENTRY--GEOGRAPHIC NAME
Geographic name England and Wales
Chronological subdivision 1543-
690 ## - LOCAL SUBJECT ADDED ENTRY--TOPICAL TERM (OCLC, RLIN)
Topical term or geographic name as entry element PROPERTY-PROPERTY ACQUISITION AND DISPOSAL-REGISTRATION OF TITLE TO PROPERTY-LAND REGISTRATION
856 40 - ELECTRONIC LOCATION AND ACCESS
Uniform Resource Identifier <a href="https://www.landreg.gov.uk/upload/documents/public_guide_019.pdf">https://www.landreg.gov.uk/upload/documents/public_guide_019.pdf</a>
Public note View this item free of charge at www.landregistry.gov.uk
942 ## - ADDED ENTRY ELEMENTS (KOHA)
Suppress in OPAC 0
Holdings
Withdrawn status Lost status Source of classification or shelving scheme Damaged status Not for loan Home library Current library Shelving location Date acquired Total Checkouts Full call number Barcode Date last seen Copy number Price effective from Koha item type
    Dewey Decimal Classification     Virtual Virtual Online 04/05/2011   ONLINE PUBLICATION 152822-2001 06/08/2019 1 06/08/2019 Book